000 01711nam1a2200337 i 4500
001 RU\NLR\BIBL_A\010820417
005 20260406150424.0
010 _a9785090364904
035 _a(NLR Aleph) 010820417
090 _a10241393
_c10241393
100 _a20150730d2015 em y0rusy50 ca
101 0 _arus
102 _aRU
105 _a j
200 1 _aЛитература
_e9 класс
_eучебник для общеобразовательных организаций
_eв 2 ч.
_f[В.Я. Коровина, В.П. Журавлев, В.И. Коровин, И.С. Збарский]
_gпод ред. В.Я. Коровиной
205 _a2-е изд.
210 _aМосква
_cПросвещение
_d2015
215 _d22
225 1 _aФГОС
606 _aРусская литература
_jУчебные издания для средней школы
_91032583
_3RU\NLR\AUTH\6678541
606 _aЗарубежная литература
_jУчебные издания для средней школы
_91219666
_3RU\NLR\AUTH\66177861
686 1 _aШ5(2=Р)я721-1
686 1 _aШ5(0)я721-1
701 1 _7ca
_8rus
_aКоровина
_bВ. Я.
_gВера Яновна
_9114989
_3RU\NLR\AUTH\775018
701 1 _7ca
_8rus
_aЖуравлев
_bВ. П.
_cканд. филол. наук
_gВиктор Петрович
_946452
_3RU\NLR\AUTH\7763523
701 1 _7ca
_8rus
_aКоровин
_bВ. И.
_f1932-
_gВалентин Иванович
_984449
_3RU\NLR\AUTH\77101523
701 1 _4070
_7ca
_8rus
_aЗбарский
_bИ. С.
_f1925-2004
_gИсаак Семенович
_9252935
_3RU\NLR\AUTH\770252991
852 _aNLR
_j2015-5/6110
942 _cBOOK